Óriási klinikát terveznek fölöslegessé válna a szegedi egészségügyi intézmények jó része /

Elmentve itt :
Bibliográfiai részletek
Szerző: Molnár Balázs
Dokumentumtípus: Cikk
Megjelent: 2005-11-28
Sorozat:Délmagyarország 95 No. 278
Kulcsszavak:Szeged, Egészségügyi létesítmény klinika tervezet
Online Access:http://dmarchiv.bibl.u-szeged.hu/135626
LEADER 00570nab a2200157 i 4500
001 delm135626
005 20191127135946.0
008 191127s2005 hu o 0|| hun d
040 |a SZTE Délmagyarország Archívum  |b hun 
041 |a hun 
100 1 |a Molnár Balázs 
245 1 0 |a Óriási klinikát terveznek   |h [elektronikus dokumentum] :  |b fölöslegessé válna a szegedi egészségügyi intézmények jó része /  |c  Molnár Balázs 
260 |c 2005-11-28 
300 |a 7 
490 0 |a Délmagyarország  |v 95 No. 278 
695 |a Szeged, Egészségügyi létesítmény klinika tervezet